00327nam a22001337a 4500003000400000008004100004020001800045082001600063100001600079245003900095260004100134300001000175650000800185OSt250213b |||||||| |||| 00| 0 eng d a9780000988973 a005.7 bPAP aPAL, Amita  aPattern Recognition and Big Data  aSingapore,bWorld Scientific:c2020. a855p. aMCA